LIBRARY & INFORMATION CENTRE, KCAET, TAVANUR

ONLINE PUBLIC ACCESS CATALOGUE (OPAC)

Canterbury Tales / (Record no. 942)

MARC details
000 -LEADER
fixed length control field 00355cam a2200157ua 4500
041 ## - LANGUAGE CODE
Language code of text/sound track or separate title eng
082 ## - DEWEY DECIMAL CLASSIFICATION NUMBER
Classification number 821
Item number CHA/CA
100 ## - MAIN ENTRY--AUTHOR NAME
Personal name Chaucer, .
245 ## - TITLE STATEMENT
Title Canterbury Tales /
250 ## - EDITION STATEMENT
Edition statement 2 /
260 ## - PUBLICATION, DISTRIBUTION, ETC. (IMPRINT)
Place of publication London :
Name of publisher John Murray ,
Year of publication 1956.
300 ## - PHYSICAL DESCRIPTION
Number of Pages 169 ; .
942 ## - ADDED ENTRY ELEMENTS (KOHA)
Koha item type Books
Holdings
Withdrawn status Lost status Damaged status Home library Current library Date acquired Cost, normal purchase price Full call number Accession Number Koha item type Public note
Withdrawn     KAUAET Malayalam University 07/04/2012 9.60 821 7084 Books Transferred to Malayalam University
free website counter